• 首页
  • 本馆介绍
  • 公告通知
  • 最新文献
  • 馆藏检索
  • 电子资源
  • 读者导购
  • 参考咨询
  • 我的图书馆
  • 登录
  • 详细信息显示
  • 放入我的书架
  • 预约/预借图书
  • 作者相关作品
  • 分类相关作品
  • 丛书相关作品
  • 出版社相关作品

书目信息

  • 表格格式
  • 工作单格式
  • 卡片格式
题名:
手把手学习Linux服务器配置与管理
    
 
作者: 王海宾 , 张静 , 刘霞 编著
分册:  
出版信息: 北京   电子工业出版社  2016
页数: 426页
开本:
丛书名:
单 册:
中图分类: TP316.85 , TP316.89
科图分类:
主题词: Linux操作系统--网络服务器
电子资源:
ISBN: 978-7-121-27424-4
000 01186nam0 2200253 450
001 3041
005 20161207152622.25
010    @a978-7-121-27424-4@dCNY69.00
100    @a20160126d2016 em y0chiy50 ea
101 0  @achi
102    @aCN@b110000
105    @aa z 000yy
200 1  @a手把手学习Linux服务器配置与管理@9shou ba shou xue xi Linux fu wu qi pei zhi yu guan li@f王海宾,张静,刘霞等编著
210    @a北京@c电子工业出版社@d2016
215    @a426页@c图
330    @a本书按照服务器搭建的过程与难易程度将Linux服务器的讲解分为五个篇章:前期准备——包括Linux系统的安装、网络配置、网络安全设置与软件包管理;基础服务器——包括Linux服务基础、日志服务器、DHCP服务器、DNS服务器与NTP服务器;文件服务器——包括FTP服务器、Samba服务器与NFS服务器;网站与邮件服务器——包括Web服务器与邮件服务器;服务器的扩展——包括远程服务器、LDAP服务器、Java与Android环境搭建和Linux内核的编译。
606 0  @aLinux操作系统@x网络服务器
690    @aTP316.85@v5
690    @aTP316.89@v4
701  0 @a王海宾@9wang hai bin@c(职业教育)@4编著
701  0 @a张静@9zhang jing@4编著
701  0 @a刘霞@9liu xia@4编著
801  0 @aCN@b大连网信软件有限公司图书馆·11@c20161207
905    @aZUCC@dTP316.85@e807
    
    手把手学习Linux服务器配置与管理/王海宾,张静,刘霞等编著.-北京:电子工业出版社,2016
    426页:图
    
    
    ISBN 978-7-121-27424-4:CNY69.00
    本书按照服务器搭建的过程与难易程度将Linux服务器的讲解分为五个篇章:前期准备——包括Linux系统的安装、网络配置、网络安全设置与软件包管理;基础服务器——包括Linux服务基础、日志服务器、DHCP服务器、DNS服务器与NTP服务器;文件服务器——包括FTP服务器、Samba服务器与NFS服务器;网站与邮件服务器——包括Web服务器与邮件服务器;服务器的扩展——包括远程服务器、LDAP服务器、Java与Android环境搭建和Linux内核的编译。
●
相关链接 在E读中查询图书 在五车中查询图书 在当当中查询图书 在豆瓣中查询图书


正题名:手把手学习Linux服务器配置与管理     索取号:TP316.85/807         预约/预借

序号 登录号 条形码 馆藏地/架位号 状态 备注
1 912896   209128969   第二样本阅览室/ [索取号:TP316.85/807] 在馆    
2 912897   209128978   第三借阅区/ [索取号:TP316.85/807] 在馆    
3 912898   209128987   第三借阅区/ [索取号:TP316.85/807] 在馆    
唐山师范学院图书馆 欢迎您!
大连网信软件有限公司© 版权所有